| 000 | 00691nam a2200217 a 4500 | ||
|---|---|---|---|
| 005 | 20240910064143.0 | ||
| 008 | 030919s2001 mx r 000 0 spa d | ||
| 020 | _a8449310237 | ||
| 035 | _aUPN01000129010 | ||
| 049 | _aCG | ||
| 050 | 4 |
_aBF175.5 T7.3 _bC3.2 |
|
| 100 | 1 |
_aCarotenuto, Aldo, _d1933- |
|
| 245 | 1 | 0 |
_aAmar traicionar : _bcasi una apología de la traición / _cAldo Carotenuto ; tr. de Josep Torrell. |
| 260 |
_aMadrid : _bPaidós, _cc2001. |
||
| 300 | _a287 p. | ||
| 440 | 0 |
_aPaidós junguiana ; _v10 |
|
| 534 |
_pTraducción de: _tAmare tradire, quasi un'apologia del tradimento |
||
| 650 | 4 |
_aTRAICION - _xASPECTOS PSICOLOGICOS |
|
| 650 | 4 |
_aAmor _94320 |
|
| 905 | _aLibro | ||
| 999 |
_c101183 _d101183 |
||